|
|
|
|
| LEADER |
01370nam a2200361Ia 4500 |
| 001 |
EBC474272 |
| 003 |
MiAaPQ |
| 005 |
20200520144314.0 |
| 006 |
m o d | |
| 007 |
cr cn||||||||| |
| 008 |
090416s2009 ne ab sb 000 0 eng d |
| 020 |
|
|
|z 9789089640918
|
| 020 |
|
|
|z 9089640916
|
| 035 |
|
|
|a (MiAaPQ)EBC474272
|
| 035 |
|
|
|a (Au-PeEL)EBL474272
|
| 035 |
|
|
|a (CaPaEBR)ebr10346685
|
| 035 |
|
|
|a (CaONFJC)MIL240182
|
| 035 |
|
|
|a (OCoLC)476299418
|
| 040 |
|
|
|a MiAaPQ
|c MiAaPQ
|d MiAaPQ
|
| 050 |
|
4 |
|a HC412
|b .E84 2009
|
| 245 |
0 |
0 |
|a Ethnic minorities and regional development in Asia
|h [electronic resource] :
|b reality and challenges /
|c edited by Huhua Cao.
|
| 260 |
|
|
|a Amsterdam :
|b Amsterdam University Press,
|c c2009.
|
| 300 |
|
|
|a 236 p. :
|b ill., maps.
|
| 490 |
1 |
|
|a ICAS publications series. Edited volumes ;
|v 10
|
| 504 |
|
|
|a Includes bibliographical references.
|
| 533 |
|
|
|a Electronic reproduction. Ann Arbor, MI : ProQuest, 2015. Available via World Wide Web. Access may be limited to ProQuest affiliated libraries.
|
| 650 |
|
0 |
|a Economic development
|z Asia.
|
| 650 |
|
0 |
|a Minorities
|z Asia.
|
| 655 |
|
4 |
|a Electronic books.
|
| 700 |
1 |
|
|a Cao, Huhua.
|
| 710 |
2 |
|
|a ProQuest (Firm)
|
| 830 |
|
0 |
|a ICAS publication series.
|p Edited volumes ;
|v 10.
|
| 856 |
4 |
0 |
|u https://ebookcentral.proquest.com/lib/matrademy/detail.action?docID=474272
|z Click to View
|